| 000 | 00693nam a2200169 i 4500 | ||
|---|---|---|---|
| 001 | 154881 | ||
| 003 | ES-MaACL | ||
| 005 | 20230906205904.0 | ||
| 008 | 010308s1832 sp a |||| | spa d | ||
| 040 |
_aCCPB | B _bspa _cCCPB | B |
||
| 245 | 0 | 0 |
_aGuía de forasteros de la ciudad de Sevilla _b: capital de Andaluzia, situada en la orilla izquierda del rio Guadalquivir. |
| 260 |
_aSevilla : _b[s.n.], _c1832 ( _fimprenta del Diario de Comercio) |
||
| 300 |
_a[10], 196, 95, 34, 50, [2] en bl., 7 p., [1] de map. pleg. ; _c17 cm. |
||
| 599 | _aLa h. pleg. es un plano fotográfico de la ciudad de Sevilla. | ||
| 651 | 4 |
_aSevilla- _xDescripción. _99383 |
|
| 852 |
_aES-MaACL _jD-3320 _z-- Rust. |
||
| 999 |
_c154881 _d154881 |
||